000
00311nam a2200133Ia 4500
008
200103s9999||||xx |||||||||||||| ||und||
040
_a
IMU-MPC
082
_a
Column-42
100
_a
Brien, Conor O.
245
0
_a
Across three oceans
260
_b
Rupert hart-Davis, London
_c
1949
300
_a
272
942
_c
BK
999
_c
8747
_d
8747